Các bài tập lập trình bằng ngôn ngữ Assembly

Na minha lista:
Detalhes bibliográficos
Autor principal: ĐẶNG THÀNH PHU
Formato: Livro
Idioma:Undetermined
Publicado em: Hà Nội KHKT 2001
Assuntos:
Tags: Adicionar Tag
Sem tags, seja o primeiro a adicionar uma tag!
Thư viện lưu trữ: Trung tâm Học liệu Trường Đại học Cần Thơ
LEADER 00518nam a2200169Ia 4500
001 CTU_47595
008 210402s9999 xx 000 0 und d
082 |a 005.456 
082 |b Ph500 
100 |a ĐẶNG THÀNH PHU 
245 0 |a Các bài tập lập trình bằng ngôn ngữ Assembly 
245 0 |c ĐẶNG THÀNH PHU 
260 |a Hà Nội 
260 |b KHKT 
260 |c 2001 
650 |a assembler ( computer program language ) 
980 |a Trung tâm Học liệu Trường Đại học Cần Thơ